000 00298nam a22001337a 4500
020 _a817573888888-2
082 _a920
_bDUA/M
100 _aDUA,SHYAM
245 _aTHE LUMINOUS LIFE OF MADONNA
260 _aDELHI
_bTINY TOT PUBLICATIONS
300 _a96
650 _aBIOGRAPHY
_zDELHI
942 _cBK
999 _c5958
_d5958